[Event "World Rapid 2025"]
[Site "Doha QAT"]
[Date "2025.12.28"]
[Round "12.43"]
[White "Rakhmanov, Aleksandr"]
[Black "Keymer, Vincent"]
[Result "0-1"]
[WhiteTitle "GM"]
[BlackTitle "GM"]
[WhiteElo "2585"]
[BlackElo "2776"]
[WhiteFideId "4173708"]
[BlackFideId "12940690"]
[EventDate "2025.12.26"]

1. c4 e5 2. Nf3 Nc6 3. d4 exd4 4. Nxd4 Bb4+ 5. Bd2 a5 6. a3 Bxd2+ 7. Qxd2 Nf6 8.
Qe3+ Qe7 9. Qxe7+ Kxe7 10. Nb5 Kd8 11. N1c3 b6 12. g3 Ne5 13. Bg2 c6 14. Nd6 Kc7
15. Rd1 Ba6 16. Ncb5+ Kb8 17. a4 cxb5 18. cxb5 Bc8 19. Bxa8 Kxa8 20. f4 Neg4 21.
Rd3 h5 22. h3 Nh6 23. O-O Bb7 24. Rc1 Kb8 25. Rd4 Rd8 26. Rcd1 Bc8 27. Rc1 Ne8
28. Nxc8 Rxc8 29. Rxc8+ Kxc8 30. e4 f6 31. b4 axb4 32. Rxb4 Nf7 33. Kf2 Nfd6 34.
Rd4 Nb7 35. Rd5 g6 36. g4 hxg4 37. hxg4 Nc5 38. Rd4 g5 39. fxg5 fxg5 40. e5 Ng7
41. Ke3 Nge6 42. Rc4 Kd8 43. Kd2 Nb7 44. Kc3 Nec5 45. Rd4 Ke7 46. Kb4 Ke6 47.
Rd1 Kxe5 48. Rf1 Nd3+ 49. Kc4 Nf4 50. Re1+ Kd6 51. Re8 Nc5 52. Rg8 Nfe6 53. Ra8
Kc7 54. Kb4 Nd3+ 55. Kc3 Ne5 56. a5 Kb7 57. Ra6 bxa5 58. Rd6 Kc7 59. Rd5 d6 60.
b6+ Kc6 61. b7 Nd7 62. Rxa5 Kxb7 63. Rf5 Kc6 0-1

[Event "World Rapid 2025"]
[Site "Doha QAT"]
[Date "2025.12.28"]
[Round "12.44"]
[White "Tin, Jingyao"]
[Black "Van Foreest, Jorden"]
[Result "1/2-1/2"]
[WhiteTitle "GM"]
[BlackTitle "GM"]
[WhiteElo "2584"]
[BlackElo "2692"]
[WhiteFideId "5804418"]
[BlackFideId "1039784"]
[EventDate "2025.12.26"]

1. d4 Nf6 2. c4 g6 3. Nf3 Bg7 4. g3 b6 5. Bg2 Bb7 6. O-O O-O 7. Re1 e6 8. Bf4 d6
9. Qc2 c5 10. dxc5 bxc5 11. Rd1 d5 12. cxd5 exd5 13. Qxc5 Ne4 14. Qb4 Qc8 15.
Nbd2 Na6 16. Qa3 Qc5 17. Qxc5 Naxc5 18. Be5 Rac8 19. Bxg7 Kxg7 20. Nd4 Na4 21.
Nxe4 dxe4 22. Rd2 e3 23. fxe3 Bxg2 24. Kxg2 Rfe8 25. b3 Nb6 26. Kf2 Rc5 27. Rad1
Rce5 28. Rd3 Nd5 29. Nf3 Nxe3 30. Nxe5 Nxd1+ 31. Rxd1 Rxe5 32. Rd7 a5 33. Rd4
Kf6 34. e4 Ke6 35. Kf3 Rb5 36. Rc4 Kd6 37. h4 h5 38. Ke3 f6 39. Rc8 a4 40. bxa4
Rb2 41. Rg8 Rxa2 42. Rxg6 Ke5 43. Rh6 Ra3+ 44. Kf2 Rxa4 45. Rxh5+ Kxe4 46. Kg2
f5 47. Rg5 Ke5 48. Rg6 Rb4 49. h5 Rg4 50. Rxg4 fxg4 51. Kf2 Kf5 52. Ke3 Kg5 53.
Ke4 Kxh5 54. Kf5 Kh6 55. Kxg4 Kg6 1/2-1/2

[Event "World Rapid 2025"]
[Site "Doha QAT"]
[Date "2025.12.28"]
[Round "12.45"]
[White "Ivanchuk, Vasyl"]
[Black "Mitrabha, Guha"]
[Result "1/2-1/2"]
[WhiteTitle "GM"]
[BlackTitle "GM"]
[WhiteElo "2607"]
[BlackElo "2508"]
[WhiteFideId "14100010"]
[BlackFideId "5057000"]
[EventDate "2025.12.26"]

1. e4 c6 2. c4 d5 3. exd5 cxd5 4. d4 Nf6 5. Nc3 g6 6. Qb3 Bg7 7. cxd5 O-O 8. Be2
Na6 9. Bf3 Qb6 10. Qxb6 axb6 11. Nge2 Rd8 12. Bg5 h6 13. Bxf6 Bxf6 14. O-O Nc7
15. Rfd1 Ne8 16. Nb5 Bd7 17. Nec3 Ra5 18. a4 Bxb5 19. Nxb5 Nd6 20. b4 Raa8 21.
Nxd6 Rxd6 22. g3 Ra7 23. h4 h5 24. Kg2 Rd8 25. Ra2 Kf8 26. Rd3 Ke8 27. Rd1 Kd7
28. Rc1 Bxd4 29. Be2 Ke8 30. Rac2 Raa8 31. Rc7 Kf8 32. Rxb7 Rxa4 33. Rcc7 Bf6
34. Rxb6 Rxd5 35. Bc4 Rd2 36. Rxf6 exf6 37. Rxf7+ Ke8 38. Rxf6 Rxb4 39. Bg8 Ke7
40. Rf7+ Ke8 41. Rf6 Rbb2 42. Rf4 Rd6 43. Re4+ Kf8 44. Bc4 Rb4 45. Bd3 Rbb6 46.
Bc4 Kg7 47. Re7+ Kf6 48. Rf7+ Ke5 49. Be2 Kd4 50. Bf3 Kd3 51. Re7 Rb2 52. Re3+
Kd4 53. Re4+ Kc5 54. Re5+ Kb4 55. Re4+ Kb5 56. Re5+ Kb6 57. Re2 Rb4 58. Rc2 Ka5
59. Bc6 Rbd4 60. Bf3 Kb4 61. Kg1 Rf6 62. Kg2 Re6 63. Rc6 Rxc6 64. Bxc6 Kc3 65.
Be8 Rd6 66. g4 Re6 67. Bf7 Rf6 68. Be8 hxg4 69. Kg3 Kd4 70. Kxg4 Ke5 71. Kg5
Rxf2 72. Kxg6 Ke6 73. Kg7 Rb2 74. h5 Rb7+ 75. Kg6 Ke7 76. h6 Kf8 77. Ba4 Rb6+
78. Kg5 Kf7 79. Bc2 Rb5+ 80. Bf5 Ra5 81. h7 Kg7 82. Kf4 Ra1 83. Be4 Ra2 84. Kg5
Re2 85. Kf4 Rh2 86. Kg5 Rh5+ 1/2-1/2

[Event "World Rapid 2025"]
[Site "Doha QAT"]
[Date "2025.12.28"]
[Round "12.46"]
[White "Oro, Faustino"]
[Black "Harikrishna, Pentala"]
[Result "1-0"]
[WhiteTitle "IM"]
[BlackTitle "GM"]
[WhiteElo "2503"]
[BlackElo "2693"]
[WhiteFideId "20000197"]
[BlackFideId "5007003"]
[EventDate "2025.12.26"]

1. e4 e5 2. Nf3 Nc6 3. Bb5 a6 4. Ba4 Nf6 5. O-O b5 6. Bb3 Bb7 7. d3 Be7 8. c4 b4
9. Ba4 d6 10. a3 a5 11. Bd2 Nd7 12. Bxc6 Bxc6 13. axb4 axb4 14. Rxa8 Qxa8 15.
Bxb4 f5 16. exf5 O-O 17. Nbd2 Rxf5 18. Re1 Nf6 19. d4 Nh5 20. d5 Be8 21. Nxe5
Bf6 22. Nd3 Nf4 23. Ne4 Nxd3 24. Nxf6+ Rxf6 25. Qxd3 Bg6 26. Qd4 c5 27. dxc6
Qxc6 28. h3 Bf7 29. Bc3 Rg6 30. Qe4 d5 31. Qf4 h6 32. Re7 d4 33. Qxf7+ Kh7 34.
g3 dxc3 35. bxc3 Qc5 36. Kg2 Qa3 37. Re6 Rxe6 38. Qxe6 Qxc3 39. Qd5 Qc2 40. c5
Kh8 41. c6 Kh7 42. g4 Qc3 43. Qf5+ Kh8 44. Qc8+ Kh7 45. c7 Qc6+ 46. f3 Qc2+ 47.
Kg3 Qc6 48. Qf5+ 1-0

[Event "World Rapid 2025"]
[Site "Doha QAT"]
[Date "2025.12.28"]
[Round "12.47"]
[White "Vetokhin, Savva"]
[Black "Anton Guijarro, David"]
[Result "1/2-1/2"]
[WhiteTitle "GM"]
[BlackTitle "GM"]
[WhiteElo "2572"]
[BlackElo "2646"]
[WhiteFideId "44144474"]
[BlackFideId "2285525"]
[EventDate "2025.12.26"]

1. d4 Nf6 2. c4 e6 3. Nc3 Bb4 4. e3 O-O 5. Bd3 c5 6. Nf3 Nc6 7. dxc5 b6 8. cxb6
Bxc3+ 9. bxc3 axb6 10. O-O Qc7 11. e4 Ba6 12. Rb1 d6 13. Be3 Rfb8 14. Qc2 h6 15.
Nd4 Ng4 16. Bd2 Nce5 17. Nb5 Bxb5 18. cxb5 Nxd3 19. Qxd3 d5 20. Qh3 Rxa2 21.
Qxg4 Rxd2 22. exd5 Rxd5 23. c4 Rc5 24. Rfc1 Rc8 25. Rb4 h5 26. Qg3 Qxg3 27. hxg3
Kh7 28. Rd1 Rxc4 29. Rxc4 Rxc4 30. Rd6 Rc1+ 31. Kh2 Rb1 32. Rxb6 e5 33. f3 f6
34. Rb7 Kg6 35. b6 f5 36. Rb8 Kf7 37. Rb7+ Kf6 38. Rb8 e4 39. fxe4 fxe4 40. g4
h4 41. Re8 Rxb6 42. Rxe4 Rb3 43. Rd4 Kg5 44. Rd7 g6 45. Rd6 Rg3 46. Ra6 Rxg4 47.
Ra3 Kh5 48. Kh3 Rb4 49. g3 hxg3 50. Kxg3 g5 51. Kh3 Rc4 52. Kg3 Rb4 1/2-1/2

[Event "World Rapid 2025"]
[Site "Doha QAT"]
[Date "2025.12.28"]
[Round "12.48"]
[White "Madaminov, Mukhiddin"]
[Black "Amin, Bassem"]
[Result "1/2-1/2"]
[WhiteTitle "GM"]
[BlackTitle "GM"]
[WhiteElo "2552"]
[BlackElo "2626"]
[WhiteFideId "14210703"]
[BlackFideId "10601457"]
[EventDate "2025.12.26"]

1. e4 e5 2. Nf3 Nc6 3. Bb5 a6 4. Ba4 Nf6 5. O-O Be7 6. d3 d6 7. c4 O-O 8. h3 Nd7
9. Nc3 Nd4 10. Nxd4 exd4 11. Ne2 Bf6 12. b4 c6 13. Bb2 b5 14. Bb3 c5 15. bxc5
dxc5 16. cxb5 axb5 17. a4 c4 18. dxc4 d3 19. Bxf6 dxe2 20. Bxd8 exd1=Q 21. Rfxd1
bxc4 22. Bxc4 Rxd8 23. Bb5 Kf8 24. Rac1 Ra7 25. Rd6 Rb7 26. Rdc6 Nb6 27. Ba6 Rb8
28. Rxb6 Rxb6 29. Bxc8 Rb8 30. Ba6 Rd4 31. Bb5 Rxe4 32. Kh2 g6 33. Rc5 Rf4 34.
Kg3 Rb4 35. Rc7 h5 36. h4 Rb6 37. f3 Re6 38. Bc4 Re7 39. Rc8+ Kg7 40. a5 Ra4 41.
a6 Ra3 42. Rb8 Rc7 43. Rb4 Ra1 44. Kh2 Rc6 45. Kg3 Rc5 46. Bd3 Ra3 47. Bc4 Ra1
48. Kf2 Rc7 49. Kg3 Kf8 50. Bd3 Ke7 51. Rb7 Kd6 52. Rb6+ Ke5 53. Rb5+ Kd4 54.
Rb7 Rc3 55. Bb5 f6 56. Rg7 Rc5 57. Be8 g5 58. hxg5 fxg5 59. Bxh5 Rxa6 60. Bg4
Raa5 61. Bh3 Re5 62. Kg4 Ke3 63. Kg3 Ke2 64. Rb7 Rac5 65. Bg4 Kf1 66. Rb3 Re1
67. Bh3 Ra5 1/2-1/2

[Event "World Rapid 2025"]
[Site "Doha QAT"]
[Date "2025.12.28"]
[Round "12.49"]
[White "Uskov, Artem"]
[Black "Dardha, Daniel"]
[Result "0-1"]
[WhiteTitle "GM"]
[BlackTitle "GM"]
[WhiteElo "2516"]
[BlackElo "2603"]
[WhiteFideId "34254854"]
[BlackFideId "240990"]
[EventDate "2025.12.26"]

1. e4 c5 2. Nf3 d6 3. d4 cxd4 4. Nxd4 Nf6 5. Nc3 Nc6 6. Bc4 Bd7 7. Be3 Rc8 8.
Bb3 g6 9. f3 Bg7 10. Qd2 h5 11. O-O-O Na5 12. Kb1 a6 13. Rhe1 Nc4 14. Bxc4 Rxc4
15. Nb3 b5 16. Bd4 Be6 17. Nd5 Bxd5 18. exd5 O-O 19. Re2 a5 20. Qxa5 Qd7 21. Qd2
Ra8 22. Rde1 b4 23. Rxe7 Qa4 24. Nc1 b3 25. c3 bxa2+ 26. Ka1 Qb5 27. Qf4 Qxb2+
28. Kxb2 a1=Q+ 29. Kc2 Qa4+ 30. Kd2 Rxc3 31. Ke2 Rc4 32. Rd1 Qc2+ 33. Qd2 Qxd2+
34. Rxd2 Rxc1 0-1

[Event "World Rapid 2025"]
[Site "Doha QAT"]
[Date "2025.12.28"]
[Round "12.50"]
[White "Amar, Elham"]
[Black "Narayanan, S.L."]
[Result "1-0"]
[WhiteTitle "GM"]
[BlackTitle "GM"]
[WhiteElo "2592"]
[BlackElo "2616"]
[WhiteFideId "1533533"]
[BlackFideId "5058422"]
[EventDate "2025.12.26"]

1. e4 c5 2. Nf3 d6 3. d4 cxd4 4. Nxd4 Nf6 5. Nc3 Nc6 6. Bg5 e6 7. Qd2 a6 8.
O-O-O Be7 9. f4 Bd7 10. Nf3 b5 11. a3 h6 12. Bh4 b4 13. axb4 Nxb4 14. Bc4 Qa5
15. Kb1 Bc6 16. Rhe1 O-O 17. f5 e5 18. g4 Rfc8 19. Bb3 Bb5 20. Bxf6 Bxf6 21. Nd5
Rxc2 22. Qxb4 Qxb4 23. Nxb4 Rf2 24. Re3 Rb8 25. Nd3 Rg2 26. Rg1 Re2 27. Re1 Rg2
28. Nc1 Bd8 29. Rd1 Bb6 30. Rc3 Ba5 31. Rc2 Rxg4 32. Bd5 Rf4 33. Nd2 Bb6 34. Nc4
Bxc4 35. Rxc4 a5 36. Rc2 Rh4 37. Ka2 a4 38. Rd3 Bc5 39. Rg3 Kf8 40. Rcg2 Bd4 41.
Nd3 Rb5 42. Rxg7 Rxd5 43. f6 Ke8 44. exd5 e4 45. R7g4 1-0

[Event "World Rapid 2025"]
[Site "Doha QAT"]
[Date "2025.12.28"]
[Round "12.51"]
[White "Paravyan, David"]
[Black "Begmuratov, Khumoyun"]
[Result "1/2-1/2"]
[WhiteTitle "GM"]
[BlackTitle "IM"]
[WhiteElo "2582"]
[BlackElo "2451"]
[WhiteFideId "4194985"]
[BlackFideId "14210207"]
[EventDate "2025.12.26"]

1. e4 e5 2. Nf3 Nc6 3. Bc4 Nf6 4. d3 d5 5. exd5 Nxd5 6. O-O Bc5 7. Nbd2 O-O 8.
a4 Nf6 9. h3 h6 10. c3 a5 11. Re1 Re8 12. Qb3 Re7 13. Ne4 Nxe4 14. dxe4 Qd6 15.
Be3 Bxe3 16. Rxe3 b6 17. Rd1 Qf6 18. Bd5 Bd7 19. Qc4 Rf8 20. b4 Nd8 21. bxa5
bxa5 22. Qc5 Bxa4 23. Ra1 Bc6 24. Qxa5 Nb7 25. Qb4 Bxd5 26. exd5 Nd6 27. Rae1
Rfe8 28. Nd2 Qg6 29. Qg4 Qc2 30. Nf3 Qb3 31. Nxe5 Qxd5 32. Qf4 Re6 33. c4 Qc5
34. h4 h5 35. Kh2 R8e7 36. Ng6 Re8 37. Rxe6 fxe6 38. Re5 Qxc4 39. Qf3 Qg4 40.
Qxg4 hxg4 41. Rc5 Ne4 42. Rxc7 Nxf2 43. Kg3 Kh7 44. Nf4 Ne4+ 45. Kxg4 Nf6+ 46.
Kf3 e5 47. Ne2 e4+ 48. Kg3 Ra8 49. Rb7 Ra3+ 50. Kf4 Ra2 51. Nd4 Rxg2 52. Nf5
Rg4+ 53. Ke3 Kg6 54. Rb5 Rg1 55. h5+ Kh7 56. h6 Ng4+ 57. Kxe4 Nxh6 58. Nxg7 Rxg7
59. Kf4 Rg4+ 60. Kf3 Ra4 61. Rb6 Kg7 62. Ke3 Nf5+ 63. Kd3 Kf7 64. Rc6 Ke7 65.
Rg6 Kd7 66. Rf6 Nd6 67. Rg6 Kc6 68. Rg8 Ne4 69. Ke3 Kd5 70. Rd8+ Nd6 71. Kd3
Ra3+ 72. Kd2 Kc5 73. Ke2 Nc4 74. Rc8+ Kd4 75. Rd8+ Ke4 76. Re8+ Ne5 77. Kd2 Rg3
78. Kc2 Kd4 79. Rd8+ Kc5 80. Rc8+ Nc6 81. Kd2 Kd5 82. Rh8 Kc4 83. Rc8 Kc5 84.
Ke2 Kd5 85. Kd2 Ra3 86. Ke2 Nd4+ 87. Kd2 Nf3+ 88. Ke2 Ke4 89. Re8+ Ne5 90. Kd2
Rh3 91. Kc2 Rh7 92. Kc3 Rc7+ 93. Kd2 Rc6 94. Kd1 Rc3 95. Kd2 Rc5 96. Re6 Rc8 97.
Re7 Kd4 98. Rh7 Nc4+ 99. Ke2 Re8+ 100. Kf2 Ke4 101. Rh4+ Kd3 102. Rh7 Rf8+ 103.
Kg3 Ne5 104. Ra7 Ke3 105. Ra3+ Nd3 106. Kg4 Rf1 107. Kg5 Rf2 108. Ra8 Nc5 109.
Kg6 Ke4 110. Re8+ Kd5 111. Ra8 Ke6 112. Re8+ Kd7 113. Ra8 Kd6 114. Ra5 Rf1 115.
Rb5 Nd3 116. Kg5 Ne5 117. Ra5 Nc6 118. Rf5 Rg1+ 119. Kf4 Ne5 120. Ke4 Rg4+ 121.
Rf4 Rxf4+ 122. Kxf4 1/2-1/2

[Event "World Rapid 2025"]
[Site "Doha QAT"]
[Date "2025.12.28"]
[Round "12.52"]
[White "Najer, Evgeniy"]
[Black "Galaviz Medina, Sion Radamantys"]
[Result "1/2-1/2"]
[WhiteTitle "GM"]
[BlackTitle "IM"]
[WhiteElo "2619"]
[BlackElo "2514"]
[WhiteFideId "4118987"]
[BlackFideId "5123119"]
[EventDate "2025.12.26"]

1. e4 c5 2. Nf3 Nc6 3. Bc4 g6 4. c3 Bg7 5. d4 cxd4 6. cxd4 d6 7. O-O Nf6 8. d5
Nb8 9. Qc2 O-O 10. h3 Nbd7 11. Nc3 Nb6 12. Bb3 Bd7 13. Be3 Rc8 14. Qd3 Qc7 15.
Nd2 Qb8 16. a4 Na8 17. Bd4 Nc7 18. f4 e6 19. Nc4 Na6 20. e5 dxe5 21. Nxe5 Nb4
22. Qe3 Nbxd5 23. Bxd5 exd5 24. Bxa7 Qd6 25. Rad1 Rfe8 26. Bd4 Bf5 27. g4 Bc2
28. Rd2 Bb3 29. Qf3 Qb4 30. Rff2 Ne4 31. Nxe4 dxe4 32. Qe3 Bxa4 33. g5 Qb3 34.
Bc3 Rcd8 35. Rxd8 Rxd8 36. Ng4 Bc6 37. f5 gxf5 38. Nh6+ Bxh6 39. gxh6 Rd6 40.
Rg2+ Rg6 41. Qd4 Rxg2+ 42. Kxg2 Qc2+ 43. Kg3 Qd3+ 44. Qxd3 exd3 45. Kf4 Be4 46.
Ke3 Kf8 47. Bd2 f6 48. h4 Kf7 49. h5 Ke6 50. Kd4 Kd6 51. Be3 Kc6 52. Kc4 Kd7 53.
Bf4 Kc6 54. Be3 Kc7 55. Kc3 Kc8 56. Kc4 Kd8 57. Kd4 Kd7 58. Kc3 Ke7 59. Kd4 Kd6
60. Bf4+ Kc6 61. Kc4 Kb6 62. Bd2 Kc6 63. Bf4 b5+ 64. Kd4 b4 65. Kc4 Bf3 66. Kxd3
Kd5 67. Bd2 b3 68. Ke3 Bxh5 69. Bc3 Ke6 70. Kf4 Bd1 71. Bd4 Bc2 72. Bc3 Kf7 73.
Bd2 Kg6 74. Kg3 Kh5 75. Bf4 Kg6 76. Kf2 Kh5 77. Kg3 Be4 78. Kh3 Kg6 79. Kg3 Kf7
80. Kf2 Ke6 81. Ke3 Kd5 82. Bg3 Kc6 83. Bf4 Kc5 84. Bg3 Kd5 85. Bf4 Ke6 86. Kf2
Kd7 87. Ke3 Ke7 88. Kf2 Kf7 89. Kg3 Bc2 90. Kf3 Bd1+ 91. Kf2 Bg4 92. Ke3 Ke6 1/2-1/2

[Event "World Rapid 2025"]
[Site "Doha QAT"]
[Date "2025.12.28"]
[Round "12.53"]
[White "Chanda, Sandipan"]
[Black "Ansat, Aldiyar"]
[Result "1-0"]
[WhiteTitle "GM"]
[BlackTitle "IM"]
[WhiteElo "2490"]
[BlackElo "2479"]
[WhiteFideId "5004225"]
[BlackFideId "13715658"]
[EventDate "2025.12.26"]

1. d4 Nf6 2. Nf3 d5 3. e3 c5 4. Be2 Nc6 5. O-O cxd4 6. exd4 g6 7. c3 Bg7 8. h3
O-O 9. Bf4 Bf5 10. Nbd2 Ne4 11. Re1 Re8 12. Bb5 Qb6 13. Qb3 Nxd2 14. Bxd2 Rad8
15. Bf4 Be4 16. Be2 Qxb3 17. axb3 Bxf3 18. Bxf3 a6 19. Red1 e6 20. b4 Bf8 21.
Be2 Bd6 22. Bg5 Be7 23. Bh6 Bf8 24. Be3 Na7 25. g4 Rd6 26. Kg2 Rb6 27. h4 Nc8
28. h5 Nd6 29. Rh1 Bg7 30. Rh3 Ra8 31. Rah1 Rc8 32. Bd3 a5 33. bxa5 Rxb2 34. Bf4
Ne4 35. Bxe4 dxe4 36. hxg6 hxg6 37. g5 Rd8 38. Re3 Rd5 39. Rxe4 Rxa5 40. c4 Raa2
41. Be3 Ra8 42. d5 exd5 43. cxd5 Rb5 44. Rd1 Kf8 45. d6 Rd8 46. d7 Be5 47. Rb4
Rxb4 48. Bc5+ Kg7 49. Bxb4 Bc7 50. Be7 Rh8 51. Bf6+ 1-0

[Event "World Rapid 2025"]
[Site "Doha QAT"]
[Date "2025.12.28"]
[Round "12.54"]
[White "Jumabayev, Rinat"]
[Black "Goutham Krishna H"]
[Result "1-0"]
[WhiteTitle "GM"]
[BlackTitle "IM"]
[WhiteElo "2560"]
[BlackElo "2433"]
[WhiteFideId "13702661"]
[BlackFideId "25983504"]
[EventDate "2025.12.26"]

1. Nf3 b6 2. g3 Bb7 3. Bg2 Nf6 4. c4 c5 5. O-O g6 6. Nc3 Bg7 7. d4 cxd4 8. Qxd4
d6 9. Rd1 Nbd7 10. Be3 Rc8 11. Rac1 O-O 12. Qh4 Nc5 13. Bh3 Ncd7 14. b3 a6 15.
g4 h5 16. g5 Bxf3 17. exf3 Ne8 18. Bxd7 Qxd7 19. Nd5 Rb8 20. Nxb6 Qb7 21. Qe4 e6
22. Qxb7 Rxb7 23. c5 d5 24. c6 Rc7 25. Nd7 Nd6 26. Bf4 e5 27. Nxf8 exf4 28. Nd7
d4 29. Nb6 Kf8 30. Nd5 Rc8 31. c7 Nb5 32. a4 1-0

[Event "World Rapid 2025"]
[Site "Doha QAT"]
[Date "2025.12.28"]
[Round "12.55"]
[White "Zverev, Lev"]
[Black "Petrov, Nikita"]
[Result "1-0"]
[WhiteTitle "IM"]
[BlackTitle "GM"]
[WhiteElo "2453"]
[BlackElo "2578"]
[WhiteFideId "24250775"]
[BlackFideId "4101286"]
[EventDate "2025.12.26"]

1. e4 c5 2. Nf3 Nc6 3. Bb5 d6 4. O-O Bd7 5. Re1 a6 6. Bf1 e5 7. c3 Be7 8. h3 g5
9. d4 h5 10. dxe5 dxe5 11. Nh2 g4 12. hxg4 Bg5 13. Bxg5 Qxg5 14. Nf3 Qe7 15. g5
O-O-O 16. Nbd2 f6 17. g6 h4 18. Qb3 h3 19. g3 h2+ 20. Nxh2 Nh6 21. Nc4 Ng4 22.
Nxg4 Bxg4 23. Ne3 Be6 24. Qb6 Qg7 25. Bxa6 Kb8 26. Rad1 Bc8 27. Rxd8 Nxd8 28.
Bf1 Qxg6 29. Qd6+ Ka8 30. Nd5 Bg4 31. Bg2 Qh5 32. Nxf6 Qh6 33. Qxe5 Qd2 34. Rf1
Be2 35. Nd7 Nf7 36. Nb6+ Ka7 37. Qxc5 Qh6 38. Nd7+ Ka6 39. f4 b6 40. Qa3+ Kb7
41. Qe7 Bxf1 42. Nc5+ Kc6 43. Qd7+ Kxc5 44. Qd5# 1-0

[Event "World Rapid 2025"]
[Site "Doha QAT"]
[Date "2025.12.28"]
[Round "12.56"]
[White "Rodrigue-Lemieux, Shawn"]
[Black "Santos Latasa, Jaime"]
[Result "1-0"]
[WhiteTitle "GM"]
[BlackTitle "GM"]
[WhiteElo "2517"]
[BlackElo "2616"]
[WhiteFideId "2620049"]
[BlackFideId "2293307"]
[EventDate "2025.12.26"]

1. c4 e5 2. g3 d6 3. Nc3 f5 4. d4 Be7 5. Bg2 Nf6 6. Nf3 e4 7. Ng5 c6 8. d5 Ng4
9. Nh3 O-O 10. O-O Bf6 11. Kh1 Ne5 12. Qc2 Na6 13. b3 Nb4 14. Qd2 cxd5 15. Nxd5
Nxd5 16. Qxd5+ Nf7 17. Rb1 Qe7 18. Bb2 Be5 19. f3 Bxb2 20. Rxb2 e3 21. f4 Kh8
22. Rc2 Rb8 23. Rc3 b6 24. Qd4 Re8 25. Rf3 Bb7 26. Rfxe3 Bxg2+ 27. Kxg2 Qd7 28.
Rxe8+ Rxe8 29. Re3 Nh6 30. Nf2 Rxe3 31. Qxe3 Ng8 32. Qf3 h6 33. e4 Ne7 34. exf5
Nxf5 35. Qa8+ Kh7 36. Qe4 Kh8 37. Nd1 Ne7 38. Ne3 Kg8 39. h4 Kf8 40. h5 b5 41.
Nd5 Nxd5 42. cxd5 Qc8 43. Qe6 Qc5 44. Kh3 a5 45. f5 a4 46. bxa4 bxa4 47. f6 gxf6
48. Qxf6+ Ke8 49. Qe6+ Kd8 50. Qxh6 Qxd5 51. Qf6+ Ke8 52. h6 Qh5+ 53. Qh4 Qf3
54. Qxa4+ Ke7 55. Qh4+ Ke8 56. Qf4 Qh5+ 57. Kg2 Qd5+ 58. Kh3 Qh5+ 59. Qh4 Qf3
60. h7 Qh1+ 61. Kg4 Qe4+ 62. Kg5 Qd5+ 63. Kg6 Qf7+ 64. Kh6 Qe6+ 65. Kg5 Qd5+ 66.
Kf6 Qf7+ 67. Kg5 Qd5+ 68. Kf4 Qd4+ 69. Kf3 Qd3+ 70. Kg2 Qe2+ 71. Kh3 Qf1+ 72.
Kg4 Qe2+ 73. Kg5 Qe7+ 74. Kf4 Qe5+ 75. Kf3 Qf5+ 76. Qf4 Qh5+ 77. Ke3 Qc5+ 78.
Qd4 Qc1+ 79. Qd2 Qc5+ 80. Qd4 Qc1+ 81. Ke4 Qh1+ 82. Kd3 Qd1+ 83. Kc4 Qa4+ 84.
Kd5 Qxa2+ 85. Kxd6 Qa6+ 86. Ke5 Qb5+ 87. Kf4 Qf1+ 88. Kg5 Qc1+ 89. Qf4 Qc5+ 90.
Qf5 Qe7+ 91. Kh6 Qe3+ 92. Qg5 Qd4 93. Qg8+ Ke7 94. Qg7+ 1-0

[Event "World Rapid 2025"]
[Site "Doha QAT"]
[Date "2025.12.28"]
[Round "12.57"]
[White "Peyrer, Konstantin"]
[Black "Martinez Alcantara, Jose Eduardo"]
[Result "0-1"]
[WhiteTitle "IM"]
[BlackTitle "GM"]
[WhiteElo "2496"]
[BlackElo "2667"]
[WhiteFideId "1640879"]
[BlackFideId "3805662"]
[EventDate "2025.12.26"]

1. c4 c5 2. g3 g6 3. Bg2 Bg7 4. Nf3 Nc6 5. Nc3 d6 6. a3 e6 7. e3 Nge7 8. d4 O-O
9. O-O cxd4 10. exd4 d5 11. cxd5 exd5 12. Re1 Bg4 13. Bg5 h6 14. Bxe7 Nxe7 15.
h3 Be6 16. Ne5 Re8 17. Qb3 Nc6 18. Rad1 Na5 19. Qa4 g5 20. Nd3 Nc4 21. Nxd5 Nb6
22. Nxb6 axb6 23. Qb4 Bf8 24. Qd2 Qxd4 25. Nb4 Qxd2 26. Rxd2 Bxb4 27. axb4 Red8
28. Red1 Rxd2 29. Rxd2 Rc8 30. Bxb7 Rc4 31. Bd5 Bxd5 32. Rxd5 Rxb4 33. Rd2 Kf8
34. Re2 h5 35. Kg2 Kg7 36. f3 h4 37. g4 f5 38. Kf2 Kf6 39. Kg2 Rc4 40. Kf2 Rc1
41. gxf5 Kxf5 42. Re4 Rc2+ 43. Re2 Rc4 44. Re8 Rb4 45. Rf8+ Kg6 46. Rg8+ Kf6 47.
Rf8+ Kg7 48. Rb8 Rb3 49. Rc8 Rxb2+ 50. Ke3 Kf6 0-1

[Event "World Rapid 2025"]
[Site "Doha QAT"]
[Date "2025.12.28"]
[Round "12.58"]
[White "Grandelius, Nils"]
[Black "Bilguun, Sumiya"]
[Result "1/2-1/2"]
[WhiteTitle "GM"]
[BlackTitle "GM"]
[WhiteElo "2664"]
[BlackElo "2442"]
[WhiteFideId "1710400"]
[BlackFideId "4901541"]
[EventDate "2025.12.26"]

1. c4 c5 2. Nf3 g6 3. d4 cxd4 4. Nxd4 Nf6 5. Nc3 Nc6 6. g3 d6 7. Bg2 Bd7 8. O-O
Bg7 9. Nf3 O-O 10. Bd2 Qc8 11. Rc1 Bh3 12. b3 Bxg2 13. Kxg2 Qd7 14. h3 d5 15.
cxd5 Nxd5 16. Nxd5 Qxd5 17. Be3 Rfd8 18. Qxd5 Rxd5 19. Rfd1 Rad8 20. Rxd5 Rxd5
21. Ne1 e5 22. Nd3 Bf8 23. g4 f6 24. Rc4 Kf7 25. f3 Rd7 26. Kf2 Bd6 27. Bc5 Bc7
28. Be3 Bd6 29. Bc5 Bc7 30. Be3 1/2-1/2

[Event "World Rapid 2025"]
[Site "Doha QAT"]
[Date "2025.12.28"]
[Round "12.59"]
[White "Iturrizaga Bonelli, Eduardo"]
[Black "Iniyan, Pa"]
[Result "1-0"]
[WhiteTitle "GM"]
[BlackTitle "GM"]
[WhiteElo "2592"]
[BlackElo "2598"]
[WhiteFideId "3901211"]
[BlackFideId "25002767"]
[EventDate "2025.12.26"]

1. c4 Nf6 2. Nc3 e5 3. Nf3 Nc6 4. Qc2 g6 5. e3 Bg7 6. a3 O-O 7. Be2 d5 8. cxd5
Nxd5 9. h4 h6 10. d3 Be6 11. Bd2 Qd7 12. Rc1 Nxc3 13. Bxc3 a5 14. Nd2 Bd5 15.
O-O Rfd8 16. Rfd1 Qe7 17. h5 g5 18. Bg4 Be6 19. Bxe6 Qxe6 20. Ne4 Bf8 21. Ng3
Rd7 22. Qa4 Bc5 23. d4 exd4 24. exd4 Bb6 25. d5 Rxd5 26. Rxd5 Qxd5 27. Rd1 Qe6
28. Re1 Qd7 29. Qe4 Bc5 30. Nf5 Bf8 31. f4 g4 32. Ne3 Bc5 33. f5 Qe7 34. Qxg4+
Qg5 35. Qxg5+ hxg5 36. Kf1 Re8 37. Nd5 Rxe1+ 38. Kxe1 Kh7 39. Nxc7 Bd4 40. Kd2
Kh6 41. Ne8 Kxh5 42. Nd6 Bxc3+ 43. Kxc3 f6 44. Nxb7 Kg4 45. Nd6 Kf4 46. Kc4 g4
47. Kd5 Ne5 48. b4 axb4 49. axb4 Kg3 50. Ne4+ Kxg2 51. Nxf6 g3 52. Nh5 Nd7 53.
Nxg3 Kxg3 54. Ke6 Nf8+ 55. Ke7 Kf4 56. b5 Kxf5 57. b6 Ng6+ 58. Kd6 Ne5 1-0

[Event "World Rapid 2025"]
[Site "Doha QAT"]
[Date "2025.12.28"]
[Round "12.60"]
[White "Indjic, Aleksandar"]
[Black "Aditya, Mittal"]
[Result "1/2-1/2"]
[WhiteTitle "GM"]
[BlackTitle "GM"]
[WhiteElo "2635"]
[BlackElo "2624"]
[WhiteFideId "911925"]
[BlackFideId "35042025"]
[EventDate "2025.12.26"]

1. e4 c5 2. Nf3 Nc6 3. Nc3 e6 4. d4 cxd4 5. Nxd4 Nf6 6. Be2 d5 7. exd5 exd5 8.
Bb5 Bd7 9. O-O Be7 10. Re1 O-O 11. Bg5 Re8 12. h3 h6 13. Be3 Bb4 14. a3 Bxc3 15.
bxc3 Qa5 16. c4 Nxd4 17. Qxd4 Bxb5 18. cxb5 Rac8 19. a4 a6 20. Bd2 Rxe1+ 21.
Rxe1 Qd8 22. bxa6 bxa6 23. Qd3 Ne4 24. Rb1 Nxd2 25. Qxd2 Qc7 26. Qxd5 Qxc2 27.
Rb4 Qc1+ 28. Kh2 Qc7+ 29. g3 Qc5 30. Qd2 Qc2 31. Qf4 Rc6 32. Rb8+ Kh7 33. Qxf7
Rf6 34. Qg8+ Kg6 35. Qe8+ Kh7 36. Qg8+ Kg6 1/2-1/2